| 000 | 00471nam a2200181Ia 4500 | ||
|---|---|---|---|
| 001 | 20718 | ||
| 005 | 20260306172826.0 | ||
| 008 | 260306t2007||||xx |||||||||||||| ||spa|| | ||
| 041 | _aESP | ||
| 082 |
_a343.7 _bM86 2007 |
||
| 100 |
_aMorón Urbina, Juan Carlos, _eAUT |
||
| 245 | 0 | _aComentarios a la ley del procedimiento administrativo general | |
| 260 | _c2007 | ||
| 300 |
_a854 páginas : _c23 cm. |
||
| 650 | _aGEN | ||
| 654 | _aCDE | ||
| 942 |
_cLIB _dJUS _fJUS _2ddc _n |
||
| 999 |
_c20718 _d20718 |
||